000 00634nam a2200241Ia 4500
003 OSt
005 20221005081237.0
006 a|||||r|||| 00| 0
007 ta
008 221004b |||||||| |||| 00| 0 eng d
024 _a54613
037 _cTextual
040 _aCRL
_cCRL
_beng
041 _2eng
_aeng
082 _aV2y7M69, M6
100 _aHunt James D
245 0 _aGandhi and the nonconformists
_b Encounter in South Africa.
260 _aNew Delhi
_bPromilla
_c1986
300 _a159p.
_ccm.
650 _aHISTORY
942 _hV2y7M69, M6
_cTEXL
_2cc
999 _c987417
_d987417